01404 2200589 4500001002100000008004100021035002000062245006600082260004100148300001900189020001800208084001400226082000800240650001100248990001500259990001500274990001500289990001500304990001500319990001500334990001500349990001500364990001500379990001500394990001500409990001500424990001500439990001500454990001500469990001500484990001500499990001500514990001500529990001500544990001500559990001500574990001500589990001500604990001500619990001500634990001500649990001500664990001500679990001500694990001500709990001500724990001500739990001500754990001500769990001500784990001500799INLIS000000000000057 IND  a0010-1025000003 aSIAP ASPD LITERASI BAHASA INDONESIAb2024/2025cCAHAYANINGSIH aYOGYAKARTAbDAFA BINTANG REKSAc2024 a106c19,5 X 28 a9799799946522 a410 CAH a a410 aBAHASA aASPD.20575 aASPD.20576 aASPD.20577 aASPD.20578 aASPD.20579 aASPD.20580 aASPD.20581 aASPD.20582 aASPD.20583 aASPD.20584 aASPD.20585 aASPD.20586 aASPD.20587 aASPD.20588 aASPD.20589 aASPD.20590 aASPD.20591 aASPD.20592 aASPD.20593 aASPD.20594 aASPD.20595 aASPD.20596 aASPD.20597 aASPD.20598 aASPD.20599 aASPD.20600 aASPD.20601 aASPD.20602 aASPD.20603 aASPD.20604 aASPD.20605 aASPD.20606 aASPD.20607 aASPD.20608 aASPD.20609 aASPD.20610 aASPD.20574